| 000 | 00356nam a2200145Ia 4500 | ||
|---|---|---|---|
| 008 | 240624s9999 xx 000 0 und d | ||
| 041 | _aeng | ||
| 082 | _a337 MIT | ||
| 100 | _aMITHANI D M | ||
| 245 | _aINTERNATIONAL ECONOMICS | ||
| 250 | _a(8th ed.) | ||
| 260 |
_c2017 _aNew Delhi _bHimalaya Publishing House |
||
| 300 | _a623 p.; 23 cm. | ||
| 365 | _cRS | ||
| 999 |
_c29410 _d29410 |
||